Sports Quiz

Random Sports or WWE Quiz

WWE Wrestlers by '80s Action Figure Quiz Stats

 Plays Quiz Updated Dec 11, 2018

Support Sporcle.
Go Orange.
Score 0/30 Timer 06:00
9 Plays Today
Column Wrestler % Correct
Column 1Hulk Hogan
98.7%
Column 1Andre the Giant
92.1%
Column 2'Macho Man' Randy Savage
88%
Column 2Rowdy Roddy Piper
85.3%
Column 3Ultimate Warrior
82.5%
Column 4Jake 'The Snake' Roberts
80.7%
Column 4Sgt. Slaughter
77.5%
Column 2Junkyard Dog
70%
Column 3'The Million Dollar Man' Ted Dibiase
69.5%
Column 1Miss Elizabeth
68.9%
Column 5Honky Tonk Man
68.5%
Column 1King Kong Bundy
67.1%
Column 1Mean Gene Okerlund
66.4%
Column 2Bam Bam Bigelow
66.2%
Column 5Jimmy Hart
66.2%
Column Wrestler % Correct
Column 2Iron Sheik
65.7%
Column 5Jimmy 'Superfly' Snuka
64.5%
Column 4Koko B. Ware
57.5%
Column 1Kamala
57.5%
Column 4George 'The Animal' Steele
56.7%
Column 3Bobby 'The Brain' Heenan
56.1%
Column 4Brutus 'The Barber' Beefcake
52%
Column 3Hillbilly Jim
51.9%
Column 3Big John Studd
47.8%
Column 5Jesse 'The Body' Ventura
45.7%
Column 4'Mr. Wonderful' Paul Orndorff
44.3%
Column 2Captain Lou Albano
42.1%
Column 3Nikolai Volkoff
41.9%
Column 5One Man Gang
40.1%
Column 5'Adorable' Adrian Adonis
29.8%

You're not logged in!

Compare scores with friends on all Sporcle quizzes.
OR
Log In
Forgot?

From the Vault

In Memoriam: 2018

by SporcleEXP

History 10m
A tribute to those we lost in 2018.
Remove Ads.
Support Sporcle.
Get the best of Sporcle when you Go Orange. This ad-free experience offers more features, more stats, and more fun while also helping to support Sporcle. Thank you for becoming a member.

Show Comments

Extras

Top Quizzes Today


Score Distribution

Your Account Isn't Verified!

In order to create a playlist on Sporcle, you need to verify the email address you used during registration. Go to your Sporcle Settings to finish the process.

Report this User

Report this user for behavior that violates our Community Guidelines.

Details: